Jurisprudence of human rights law: a comparative interpretive approach (Record no. 396204)

000 -LEADER
fixed length control field 00565cam a22001817a 4500
008 - FIXED-LENGTH DATA ELEMENTS--GENERAL INFORMATION
fixed length control field 180718b2000 xxu||||| |||| 00| 0 eng d
020 ## - INTERNATIONAL STANDARD BOOK NUMBER
International Standard Book Number 9521205938
082 ## - DEWEY DECIMAL CLASSIFICATION NUMBER
Classification number C41 Or5
245 ## - TITLE STATEMENT
Title Jurisprudence of human rights law: a comparative interpretive approach
Statement of responsibility, etc. edited by Theodore S. Orlin, Allan Rosas and Martin Scheinin
260 ## - PUBLICATION, DISTRIBUTION, ETC.
Place of publication, distribution, etc. Turku
Name of publisher, distributor, etc. Institute for Human Rights
Date of publication, distribution, etc. 2000
300 ## - PHYSICAL DESCRIPTION
Extent 323p.
650 ## - SUBJECT ADDED ENTRY--TOPICAL TERM
Topical term or geographic name entry element Human rights
650 ## - SUBJECT ADDED ENTRY--TOPICAL TERM
Topical term or geographic name entry element Law
650 ## - SUBJECT ADDED ENTRY--TOPICAL TERM
Topical term or geographic name entry element Comparative law
700 ## - ADDED ENTRY--PERSONAL NAME
Personal name Scheinin, Martin
700 ## - ADDED ENTRY--PERSONAL NAME
Personal name Rosas, Allan
700 ## - ADDED ENTRY--PERSONAL NAME
Personal name Orlin, Theodore S.
Holdings
Withdrawn status Lost status Damaged status Not for loan Permanent Location Current Location Date acquired Full call number Barcode Date last seen Price effective from Koha item type
        Indian Institute of Public Administration Indian Institute of Public Administration 2001-03-07 C41 Or5 76462 2018-07-21 2018-07-21 Book

Powered by Koha